00433nam a2200157Ia 4500003000400000008004100004040001600045082001300061100002400074245006500098700001900163260004700182300000800229650001400237650002400251GCL140319s9999 xx 000 0 eng d aGCL / cGCL04a611bB I1 aBRIDGMAN, CHARLES F10aINTRODUCTION TO FUNCTIONAL HISTOLOGY / cBRIDGMAN, CHARLES F1 aIELFORD, TRA R a[S.N] : bHASPER COLLINS COLLEGE ، c1995 a57404aHISTOLOGY04aBRIDGMAN, CHARLES F